LEADER 01455nam a22002893i 4500 001 991002367899707536 005 20030811102647.0 008 030925s1980 it |||||||||||||||||ita 035 $ab12278968-39ule_inst 035 $aARCHE-032653$9ExL 040 $aBiblioteca Interfacoltà$bita$cA.t.i. Arché s.c.r.l. Pandora Sicilia s.r.l. 082 04$a378 100 1 $aVidoni Tani, Maria Eleonora$0453249 245 12$aI laureati in chimica e in chimica industriale dell'Università degli studi di Parma nel periodo 1968-1978 /$cMaria Eleonora Vidoni Tani, Gilberto Seravalli, Rodolfo Poldi 260 $aParma :$bLa nazionale,$c1980 300 $a103 p. ;$c22x22 cm 440 0$aCentro studi e ricerche dell'amministrazione dell'Università degli studi di Parma 650 4$aLaureati in chimica$xParma$y1968-1978 700 1 $aPoldi, Rodolfo 700 1 $aSeravalli, Gilberto$eauthor$4http://id.loc.gov/vocabulary/relators/aut$081894 907 $a.b12278968$b02-04-14$c08-10-03 912 $a991002367899707536 945 $aLE002 Busta 51/1 bis$g2$i2002000798688$lle002$o-$pE0.00$q-$rl$s- $t0$u0$v0$w0$x0$y.i1267137x$z08-10-03 945 $aLE002 Busta 51/1$g1$i2002000798671$lle002$o-$pE0.00$q-$rl$s- $t0$u0$v0$w0$x0$y.i12671381$z08-10-03 996 $aLaureati in chimica e in chimica industriale dell'Università degli studi di Parma nel periodo 1968-1978$91458544 997 $aUNISALENTO 998 $ale002$b08-10-03$cm$da $e-$fita$git $h2$i2